Statistiken für XXL: Rekordtorschützen Champions League

Klicken Sie hier um das Quiz zu spielen!

Allgemein

  • Dieses Quiz wurde 785 mal gespielt
    (202 seit der letzten Aktualisierung)
  • Das Durchschnittsergebnis liegt bei 118 aus 206

Antwortstatistiken

ToreNationalitätTeamSpieler% Korrekt
140PortugalManUnited, Real Madrid (u.a.)Cristiano Ronaldo
100%
14BrasilienInter, Real MadridRonaldo
100%
129ArgentinienBarca, PSGLionel Messi
99%
92PolenBVB, Bayern, BarcaRobert Lewandowski
99%
53DeutschlandBayernThomas Müller
98%
48SchwedenAC Mailand, PSG (u.a.)Zlatan Ibrahimović
95%
90FrankreichLyon, Real MadridKarim Benzema
94%
43FrankreichMonaco, PSGKylian Mbappé
94%
71SpanienReal Madrid, SchalkeRaul
94%
50FrankreichArsenal, Barca (u.a.)Thierry Henry
94%
40NorwegenBVB, ManCity (u.a.)Erling Haaland
93%
44ÄgyptenAS Rom, Liverpool (u.a.)Mohamed Salah
93%
43BrasilienBarca, PSGNeymar
93%
31NiederlandeReal Madrid, Bayern (u.a.)Arjen Robben
92%
44ElfenbeinküsteChelsea, Galatasaray (u.a.)Didier Drogba
92%
35FrankreichAtletico, BarcaAntoine Griezmann
89%
27UruguayLiverpool, Barca (u.a.)Luis Suárez
88%
35UruguayNeapel, PSGEdinson Cavani
87%
25EnglandTottenham, BayernHarry Kane
87%
56NiederlandeManUnited, Real Madrid (u.a.)Ruud van Nistelrooy
87%
25NiederlandeArsenal, ManUnitedRobin van Persie
85%
27SenegalLiverpool, BayernSadio Mané
84%
29Bosnien-HerzegowinaWolfsburg, Inter (u.a.)Edin Dzeko
83%
30EnglandManUnitedWayne Rooney
83%
48UkraineAC Mailand, Chelsea (u.a.)Andriy Shevchenko
82%
18FrankreichBayernFranck Ribéry
82%
26DeutschlandStuttgart, BayernMario Gomez
82%
18BrasilienBarca, AC MailandRonaldinho
82%
30KamerunBarca, Inter (u.a.)Samuel Eto'o
82%
41ArgentinienManCity, BarcaSergio Agüero
82%
14BelgienManCityKevin De Bruyne
81%
20WalesTottenham, Real MadridGareth Bale
80%
23DeutschlandBVBMarco Reus
80%
21DeutschlandSchalke, Bayern (u.a.)Leroy Sané
79%
30BrasilienAC Mailand, Real MadridKaká
77%
15DeutschlandBayernSerge Gnabry
77%
11SpanienBarcaAndrés Iniesta
76%
11DeutschlandBayern, Real MadridToni Kroos
76%
11SpanienBarcaXavi
76%
24PortugalBarca, Real Madrid (u.a.)Luís Figo
75%
17GabunDortmund, ChelseaPierre-Emerick Aubameyang
75%
28WalesManUnitedRyan Giggs
75%
17DeutschlandLeipzig, ChelseaTimo Werner
75%
19SüdkoreaLeverkusen, TottenhamHeung-min Son
74%
14PortugalMonaco, ManCityBernardo Silva
73%
46ItalienAC MailandFilippo Inzaghi
73%
21KroatienBayern, Atletico (u.a.)Mario Mandzukic
73%
15ItalienLazio RomSimone Inzaghi
73%
14DeutschlandBremen, BayernMiroslav Klose
72%
42ItalienJuveAlessandro Del Piero
71%
20SpanienAtletico, Chelsea (u.a.)Fernando Torres
71%
27EnglandLiverpool, ManCityRaheem Sterling
71%
10PortugalPorto, RB LeipzigAndré Silva
70%
10SpanienValencia, ManCityDavid Silva
70%
11BrasilienDonzek, Bayern (u.a.)Douglas Costa
70%
12SpanienManCity, Barca (u.a.)Ferran Torres
70%
16FrankreichBayernKingsley Coman
70%
17BrasilienReal MadridVinicius Junior
70%
12ItalienDortmund, LazioCiro Immobile
69%
21PeruBremen, BayernClaudio Pizarro
69%
11DeutschlandDortmund, ManCity, Barcaİlkay Gündoğan
69%
22BrasilienLiverpoolRoberto Firmino
69%
18BelgienManUnited, Inter (u.a.)Romelu Lukaku
69%
14MexikoManUnited, Leverkusen (u.a.)Chicharito
68%
11DeutschlandReal Madrid, ArsenalMesut Özil
68%
20AlgerienLeicester, ManCityRiyad Mahrez
68%
29NiederlandeDeportivo, BayernRoy Makaay
68%
14FrankreichJuve, Real MadridZinedine Zidane
68%
16ChileBarca, Arsenal (u.a.)Alexis Sánchez
67%
23ArgentinienPSG, Juve (u.a.)Ángel Di María
67%
11SpanienAtletico, ChelseaDiego Costa
67%
15SpanienReal MadridSergio Ramos
67%
15ChileJuve, Bayern (u.a.)Arturo Vidal
66%
12DeutschlandBayernBastian Schweinsteiger
66%
14SpanienValencia, BarcaDavid Villa
66%
17ItalienAS RomFrancesco Totti
66%
23SpanienReal Madrid, Juve (u.a.)Álvaro Morata
65%
10BelgienChelsea, Real MadridEden Hazard
65%
23EnglandChelseaFrank Lampard
65%
24ArgentinienReal Madrid, Neapel (u.a.)Gonzalo Higuaín
65%
14NiederlandeAjax, SchalkeKlaas-Jan Huntelaar
65%
12DeutschlandDortmund, BayernMario Götze
65%
16DeutschlandLeverkusen, Bayern (u.a.)Michael Ballack
65%
10FrankreichDortmund, Barca (u.a.)Ousmane Dembélé
65%
16EnglandManUnited, Real MadridDavid Beckham
64%
13DeutschlandBayern, Arsenal, GalatasarayLukas Podolski
64%
24EnglandManUnitedPaul Scholes
64%
21EnglandLiverpoolSteven Gerrard
64%
13BulgarienLeverkusen, ManUtd, MonacoDimitar Berbatov
63%
11SchwedenRB LeipzigEmil Forsberg
63%
11DeutschlandBayernJoshua Kimmich
63%
14IrlandManUnitedRoy Keane
63%
17BrasilienPorto, ZenitHulk
62%
15TschechienLazio, JuvePavel Nedved
62%
20SpanienArsenal, Barca (u.a.)Cesc Fàbregas
61%
24BrasilienBayern, LyonGiovane Elber
61%
12KolumbienPorto, MonacoRadamel Falcao
61%
27BrasilienBarca, AC Mailand (u.a.)Rivaldo
61%
18BrasilienReal MadridRodrygo
61%
10EnglandBVB, Real MadridJude Bellingham
60%
12ArgentinienInterLautaro Martínez
59%
11EnglandLiverpool, Real Madrid (u.a.)Michael Owen
59%
24FrankreichArsenal, Chelsa (u.a.)Olivier Giroud
59%
10UruguayBenfica, LiverpoolDarwin Núñez
58%
24BrasilienManCity, ArsenalGabriel Jesus
58%
16SpanienManUnited, BarcaGerard Piqué
58%
10KroatienBarca, FC SevillaIvan Rakitic
58%
13KolumbienPorto, AtleticoJackson Martínez
58%
12BrasilienLiverpool, Barca (u.a.)Philippe Coutinho
58%
10TschechienDortmund, Arsenal (u.a.)Tomas Rosicky
58%
16BelgienSSC Neapel, GalatasarayDries Mertens
57%
10SerbienAjaxDusan Tadic
57%
25ArgentinienAC Mailand, Chelsea (u.a.)Hernán Crespo
57%
10PeruPSV, Schalke (u.a.)Jefferson Farfán
57%
11NiederlandeFC Sevilla, PSV (u.a.)Luuk de Jong
57%
19NorwegenManUnitedOle Gunnar Solskjaer
57%
11KamerunSchalke, Bayern (u.a.)Eric Maxim Choupo-Moting
56%
23FinnlandAjax, Liverpool (u.a.)Jari Litmanen
56%
16SpanienBarca, ChelseaPedro
56%
10SpanienMalaga, Real MadridIsco
55%
21BrasilienDonezk, Spartak MoskauLuiz Adriano
55%
14BrasilienInterAdriano
54%
33SpanienReal Madrid, Monaco (u.a.)Fernando Morientes
54%
11LiberiaPSG, AC MailandGeorge Weah
54%
12NiederlandeInter, Galatasaray (u.a.)Wesley Sneijder
54%
10BulgarienBarcaHristo Stoichkov
53%
18ArgentinienJuvePaulo Dybala
53%
11NiederlandeReal Madrid, AC MailandClarence Seedorf
52%
29FrankreichMonaco, JuveDavid Trézéguet
52%
12EnglandManUnitedMarcus Rashford
52%
13EnglandManCityPhil Foden
52%
13TschechienAnderlecht, BVBJan Koller
51%
11GhanaLyon, ChelseaMichael Essien
51%
20FrankreichPSG, Chelsea (u.a.)Nicolas Anelka
51%
29NiederlandeAjax, BarcaPatrick Kluivert
51%
13TürkeiGalatasaray, LilleBurak Yılmaz
50%
10KroatienZSKA Moskau, BayernIvica Olic
50%
13ArgentinienManUnited, JuveCarlos Tevez
49%
13PortugalPorto, BarcaDeco
49%
16BrasilienReal MadridRoberto Carlos
49%
10PolenNeapel, Juve (u.a.)Arkadiusz Milik
48%
11ArgentinienInter, PSG (u.a.)Mauro Icardi
48%
18EnglandManUnitedAndy Cole
46%
11FrankreichRB LeipzigChristopher Nkunku
46%
12BrasilienBarca, Juve (u.a.)Dani Alves
46%
18BrasilienLyonJuninho
46%
18BrasilienDonezk, ChelseaWillian
46%
11SpanienAtléticoSaúl Ñíguez
45%
11TogoArsenal, Real Madrid (u.a.)Emmanuel Adebayor
44%
13SchwedenArsenalFreddie Ljungberg
44%
12SpanienReal MadridMarco Asensio
44%
11ElfenbeinküsteAjaxSébastien Haller
44%
14FrankreichMarseille, Arsenal (u.a.)Robert Pires
43%
12DeutschlandBayernCarsten Jancker
42%
11Trinidad und TobagoManUnitedDwight Yorke
42%
10EnglandChelseaJohn Terry
42%
11ItalienNeapelLorenzo Insigne
42%
12DeutschlandBayernMehmet Scholl
42%
10PortugalPorto, BesiktasRicardo Quaresma
42%
14KamerunPorto, BesiktasVincent Aboubakar
42%
11SpanienReal Madrid, NeapelJosé Callejón
41%
12BrasilienBayernPaulo Sérgio
41%
13EnglandLiverpool, TottenhamPeter Crouch
41%
10FrankreichFC SevillaWissam Ben Yedder
41%
11Bosnien-HerzegowinaLyon, Juve (u.a.)Miralem Pjanic
40%
12BrasilienPSV, BarcaRomário
40%
15ElfenbeinküsteZSKA Moskau, SportingSeydou Doumbia
40%
13TürkeiGalatasarayHakan Şükür
39%
10ItalienJuve, InterChristian Vieri
37%
16SpanienReal MadridGuti
37%
25BrasilienPorto, GalatasarayJardel
37%
18NorwegenValencia, Lyon (u.a.)John Carew
37%
15EnglandArsenalTheo Walcott
36%
11DänemarkFeyenoord, AC MailandJon Dahl Tomasson
35%
18ArgentinienBarca, Monaco (u.a.)Javier Saviola
33%
19ArgentinienPorto, LyonLisandro López
33%
11BrasilienReal Madrid, FamagustaSavio
33%
11ArgentinienValencia, LazioClaudio López
32%
14GriechenlandPiräus, BenficaKonstantinos Mitroglou
32%
19SpanienBarcaLuis Enrique
32%
23ItalienMilan, PSG (u.a.)Marco Simone
32%
15FrankreichArsenal, Lyon (u.a.)Sylvain Wiltord
32%
11ItalienAC Mailand, FlorenzAlberto Gilardino
30%
11BrasilienDonezkAlex Teixeira
30%
15SpanienReal MadridIvan Helguera
30%
18ArgentinienPorto, MarseilleLucho González
30%
10SpanienAtlético MadridLuis García
30%
10MontenegroAS Rom, JuveMirko Vucinic
30%
16SpanienReal Madrid, ValenciaRoberto Soldado
30%
11BrasilienValencia, BenficaJonas
29%
12BrasilienBarca, OlympiakosGiovanni
28%
13BrasilienBarca, LyonSonny Anderson
28%
15SpanienDeportivo La CorunaDiego Tristan
27%
11SerbienLazio, InterDejan Stankovic
25%
19ArgentinienFeyenoord, InterJulio Cruz
24%
21UkraineKiewSergiy Rebrov
23%
11ParaguayBenficaÓscar Cardozo
16%
11NorwegenRosenborgRoar Strand
14%
11ItalienReal Madrid, AS Rom (u.a.)Christian Panucci
10%
12UruguayDeportivoWalter Pandiani
3%
11NorwegenRosenborgHarald Brattbakk
2%
11FrankreichLyon, PanathinaikosSidney Govou
2%
11KroatienMarseille, Juve (u.a.)Alen Boksic
1%
11UsbekistanDynamo KievMaksim Shatskikh
1%
11SlowenienPorto, OlympiakosZlatko Zahovic
1%
11ZypernPanathinaikos, OlympiakosMichalis Konstantinou
0%

Verteilung der Resultate

Perzentil nach korrekt beantworteten Fragen

Anzahl Personen mit jedem Resultat

Ihre Resultats-Entwicklung

Sie haben dieses Quiz seit der letzten Aktualisierung nicht gespielt